000 00782nam a2200241Ia 4500
003 OSt
005 20220923221804.0
006 a|||||r|||| 00| 0
007 ta
008 220922b |||||||| |||| 00| 0 hin d
024 _a200,065
037 _cTextual
040 _aARTS
_cARTS
_bhin
041 _2hin
_ahin
082 _aQ3, L5
100 _aभार्गव, दयानन्द
_9156271
245 0 _aजैन जीवन दर्शन की पृष्ठभूमि
246 _aJain jīvan darshan kī pṛuṣhṭhabhūmi
260 _aजम्मू
_b केन्द्रीय विद्यपीठ
_c1975
300 _a102
_ccm.
942 _hQ3, L5
_cTEXL
_2CC
999 _c351767
_d351767